000 00787nas a2200277 4500
001 BR9501499
003 BR-BrBNA
005 20231205093914.0
007 ta
008 230509b bl.|||p| |||| 00| 00por d
040 _aBR-BrBNA
_bpor
_cBiblioteca Nacional de Agricultura
041 _a(Es)
072 _aH20
100 1 _aNome, S.F.
100 1 _aHaelterman, R.M.
100 1 _aDocampo, D.M.
100 1 _aPrataviera, A.G.
100 1 _aDi Feo, L. del V.
245 1 _aEscaldadura de las hojas del almendro en Argentina
650 _aAmendoa
650 _aEscaldadura
650 _aArgentina
773 0 _tFitopatologia Brasileira (Brazil)
_xISSN 0100-4158
_g(Apr 1992), v. 17(1) p. 57-60
_wBR9501499
909 _a202311
_bLúcia
_c55
_dLúcia Elande
942 _2AGRIS
_n0
_cANA
999 _c141020
_d141020